书目信息 |
| 题名: |
民族传统体育
|
|
| 作者: | 周洪生 , 周健川 编著 | |
| 分册: | ||
| 出版信息: | 长春 吉林文史出版社 2015 |
|
| 页数: | 186页 | |
| 开本: | 24cm | |
| 丛书名: | ||
| 单 册: | ||
| 中图分类: | G85 | |
| 科图分类: | ||
| 主题词: | 传统体育项目--基本知识 | |
| 电子资源: | ||
| ISBN: | 978-7-5472-2229-4 | |
| 000 | 00834nam0 2200241 450 | |
| 001 | 1755 | |
| 005 | 20180522142346.74 | |
| 010 | @a978-7-5472-2229-4@dCNY29.80 | |
| 100 | @a20151101d2015 em y0chiy50 ea | |
| 101 | 0 | @achi |
| 102 | @aCN@b220000 | |
| 105 | @aa z 000yy | |
| 200 | 1 | @a民族传统体育@9min zu chuan tong ti yu@f周洪生,周健川编著 |
| 210 | @a长春@c吉林文史出版社@d2015 | |
| 215 | @a186页@c彩图@d24cm | |
| 300 | @a最受欢迎的全民健身项目指导用书 彩图版 | |
| 330 | @a本书分五章,分别为什么是民族传统体育、民族传统体育的起源与发展、中国传统文化与民族传统体育、竞技表演性民族传统体育、健身娱乐性民族传统体育。 | |
| 606 | 0 | @a传统体育项目@x基本知识 |
| 690 | @aG85@v5 | |
| 701 | 0 | @a周洪生@9zhou hong sheng@4编著 |
| 701 | 0 | @a周健川@9zhou jian chuan@4编著 |
| 801 | 0 | @aCN@b91MARC@c20151101 |
| 905 | @aMuseLib@dG85@e387 | |
| 民族传统体育/周洪生,周健川编著.-长春:吉林文史出版社,2015 |
| 186页:彩图;24cm |
| 最受欢迎的全民健身项目指导用书 彩图版 |
| ISBN 978-7-5472-2229-4:CNY29.80 |
| 本书分五章,分别为什么是民族传统体育、民族传统体育的起源与发展、中国传统文化与民族传统体育、竞技表演性民族传统体育、健身娱乐性民族传统体育。 |
| ● |
| 相关链接 |
|
|
|
|
正题名:民族传统体育
索取号:G85/387
 
预约/预借
| 序号 | 登录号 | 条形码 | 馆藏地/架位号 | 状态 | 备注 |
| 1 | 1106379 | 211063793 | 第一样本阅览室/ [索取号:G85/387] | 在馆 | |
| 2 | 1106380 | 211063800 | 教育系资料室/ [索取号:G85/387] | 在馆 | |
| 3 | 1106381 | 211063819 | 教育系资料室/ [索取号:G85/387] | 在馆 | |
| 4 | 1106382 | 211063828 | 教育系资料室/ [索取号:G85/387] | 在馆 | |
| 5 | 1106383 | 211063837 | 第四借阅区/ [索取号:G85/387] | 在馆 | |
| 6 | 1106384 | 211063846 | 第四借阅区/ [索取号:G85/387] | 在馆 |